Score 0/20 Timer 05:00
0 Plays Today
Number Character Name % Correct
Joey Tribbiani (Friends)
94%
Dr. Sheldon Cooper (The Big Bang Theory)
80.5%
Barney Stinson (How I Met Your Mother)
74.1%
Lois Griffin (Family Guy)
73.8%
Carrie Bradshaw (Sex & the City)
67.1%
Elroy Jetson (The Jetsons)
65.9%
Ally McBeal (Ally McBeal)
60.9%
Norm Peterson (Cheers)
55.5%
Foghorn Leghorn (Looney Tunes)
55%
Butters Stotch (South Park)
53.8%
Number Character Name % Correct
Philip J. Fry (Futurama)
52.2%
Donna Pinciotti (That '70s Show)
52.1%
Ricky Ricardo (I Love Lucy)
50.8%
Jess Day (New Girl)
43.9%
Dr. Elliot Reid (Scrubs)
43.3%
GOB Bluth (Arrested Development)
40.1%
Leslie Knope (Parks and Rec)
38.1%
Jack Donaghy (30 Rock)
37.9%
Charlie Kelly (It's Always Sunny...)
32.6%
Lindsay Weir (Freaks & Geeks)
9.5%
Remove Ads.
Support Sporcle.
Get the best of Sporcle when you Go Orange. This ad-free experience offers more features, more stats, and more fun while also helping to support Sporcle. Thank you for becoming a member.

You're not logged in!

Compare scores with friends on all Sporcle quizzes.
OR
Log In

Show Comments

Extras

Top Quizzes Today


Score Distribution

Your Account Isn't Verified!

In order to create a playlist on Sporcle, you need to verify the email address you used during registration. Go to your Sporcle Settings to finish the process.

Report this User

Report this user for behavior that violates our Community Guidelines.

Details: